İstanbul Sanayi Odası Dergisi (Record no. 200002227)
[ view plain ]
| 000 -LEADER | |
|---|---|
| fixed length control field | 01051 a2200337 4500 |
| 001 - CONTROL NUMBER | |
| control field | 200002227 |
| 003 - CONTROL NUMBER IDENTIFIER | |
| control field | TR-AnTOB |
| 005 - DATE AND TIME OF LATEST TRANSACTION | |
| control field | 20230516133036.0 |
| 008 - FIXED-LENGTH DATA ELEMENTS--GENERAL INFORMATION | |
| fixed length control field | 160507d20039999tu mn0p 0 0 |
| 022 0# - INTERNATIONAL STANDARD SERIAL NUMBER | |
| International Standard Serial Number | 1303-1333 |
| 040 ## - CATALOGING SOURCE | |
| Original cataloging agency | TR-AnTOB |
| 041 0# - LANGUAGE CODE | |
| Language code of text/sound track or separate title | Türkçe |
| 050 14 - LIBRARY OF CONGRESS CALL NUMBER | |
| Classification number | HC491 |
| 099 ## - LOCAL FREE-TEXT CALL NUMBER (OCLC) | |
| Classification number | JOURNAL - SANA |
| 222 #0 - KEY TITLE | |
| Key title | Sanayi |
| 245 00 - TITLE STATEMENT | |
| Title | İstanbul Sanayi Odası Dergisi |
| 246 03 - VARYING FORM OF TITLE | |
| Title proper/short title | İstanbul Sanayi Odası dergisi |
| 260 ## - PUBLICATION, DISTRIBUTION, ETC. | |
| Place of publication, distribution, etc. | İstanbul : |
| Name of publisher, distributor, etc. | İstanbul Sanayi Odası, |
| Date of publication, distribution, etc. | 2003- |
| 300 ## - PHYSICAL DESCRIPTION | |
| Extent | v. : |
| Other physical details | ill. ; |
| Dimensions | 28 cm. |
| 310 ## - CURRENT PUBLICATION FREQUENCY | |
| Current publication frequency | Aylık. |
| 362 0# - DATES OF PUBLICATION AND/OR SEQUENTIAL DESIGNATION | |
| Dates of publication and/or sequential designation | 2003- |
| 500 ## - GENERAL NOTE | |
| General note | Kütüphanemizdeki mevcutlar:287-465,1990-2004. 200? - |
| 650 00 - SUBJECT ADDED ENTRY--TOPICAL TERM | |
| Topical term or geographic name entry element | Endüstriler |
| Geographic subdivision | Türkiye |
| Form subdivision | Süreli yayınlar |
| 9 (RLIN) | 19795 |
| Topical term or geographic name entry element | Industries |
| Geographic subdivision | Turkey |
| Form subdivision | Periodicals |
| 9 (RLIN) | 19797 |
| 651 #0 - SUBJECT ADDED ENTRY--GEOGRAPHIC NAME | |
| Geographic name | Turkey |
| General subdivision | Economic policy |
| Chronological subdivision | 1960- |
| Form subdivision | Periodicals |
| 9 (RLIN) | 71210 |
| Geographic name | Türkiye |
| General subdivision | Ekonomi politikası |
| Form subdivision | Süreli Yayınlar |
| 9 (RLIN) | 93359 |
| 710 2# - ADDED ENTRY--CORPORATE NAME | |
| Corporate name or jurisdiction name as entry element | İstanbul Sanayi Odası |
| 9 (RLIN) | 23094 |
| 856 40 - ELECTRONIC LOCATION AND ACCESS | |
| Host name | http://www.iso.org.tr/tr/web/statiksayfalar/sanayidergisi.aspx |
| 910 ## - USER-OPTION DATA (OCLC) | |
| User-option data | BS |
| 942 ## - ADDED ENTRY ELEMENTS (KOHA) | |
| Koha item type | Continuing Resource |
| Withdrawn status | Lost status | Source of classification or shelving scheme | Not for loan | Collection code | Home library | Current library | Shelving location | Date acquired | Source of acquisition | Cost, normal purchase price | Serial Enumeration / chronology | Total Checkouts | Total Holds | Full call number | Barcode | Copy number | Cost, replacement price | Date shelved | Koha item type | Public note |
|---|---|---|---|---|---|---|---|---|---|---|---|---|---|---|---|---|---|---|---|---|
| Ödünç Verilemez-Süreli Yayın / Not For Loan-Serials | Süreli Yayınlar | Merkez Kütüphane | Merkez Kütüphane | Süreli Yayınlar Koleksiyonu / Periodicals Collection | 29/07/2013 | Dağıtım / Compilation | 0.01 | 1 | JOURNAL - SANA | J003071 | 1 | 0.01 | Continuing Resource | Süreli yayın | ||||||
| Ödünç Verilemez-Süreli Yayın / Not For Loan-Serials | Süreli Yayınlar | Merkez Kütüphane | Merkez Kütüphane | Süreli Yayınlar Koleksiyonu / Periodicals Collection | 29/07/2013 | Dağıtım / Compilation | 0.01 | 2 | JOURNAL - SANA | J003072 | 1 | 0.01 | Continuing Resource | Süreli yayın |
